01476nam a22003137a 4500999001700000003000900017005001700026008004100043020001800084040004300102082002000145100002800165245035200193250002300545264006500568300004000633336002600673337002800699338002700727500002600754504005100780650004000831650003700871653002400908655002400932700002700956942001200983952016700995 c28136d28107EG-ScBUE20200218104633.0200218r20172010ii f b 001 0 eng d a9788123918600 aEG-ScBUEbengerdacEG-ScBUEdEG-ScBUE04a658.05bTAN2221 aTanwar, Y. S.,eauthor.10aTextbook of computer application in pharmaceutical science and management /cY S Tanwar, M pharm, PhD, professor and head, Department of Pharmaceutics, Bhupal Nobles' College of Pharmacy, Udaipur, Rajasthan, Nisha Tanwar, MCA, MSc, M Phil, lecturer and head, Department of Computer Studies, Bhupal Nobles' Postgraduate College, Udaipur, Rajasthan. aReprinted edition. 1aNew Delhi :bCBS Publishers & Distributors Pvt. Ltd.,c2017. a450 pages :billustrations ;c24 cm 2rdacontentatextbtxt 2rdamediaaunmediatedbn 2rdacarrieravolumebnc aFirst edition : 2010. aIncludes bibliographical references and index. 7aManagementxData processing.2BUEsh 7aPharmaceutical chemistry.2BUEsh bPPhrmcFebruary2020 vReading book9342321 aTanwar, Nishaeauthor. 2ddccBB 00102ddc40708Academic Science HouseaMAINbMAINc1STd2020-02-18ePurchaseg380.00h993l0o658.05 TANp000048740r2025-07-15 00:00:00v475.00w2020-02-18yBB